RIVISTA TEOLOGICA DI LUGANO. THEOLOGICAL REVIEW. REVUE THEOLOGIQUE DE LUGANO. NOVEMBRE 1996. (Record n. 331895)

Dettagli MARC
000 -LEADER
fixed length control field 02006nas a2200277Ia 4500
001 - CONTROL NUMBER
control field R050-S3309
003 - CONTROL NUMBER IDENTIFIER
control field IT-CnALBA
008 - FIXED-LENGTH DATA ELEMENTS--GENERAL INFORMATION
fixed length control field 170116c99999999xx |||||||||||| ||und||
040 ## - CATALOGING SOURCE
Original cataloging agency IT-CnALBA
Transcribing agency IT-CnALBA
041 ## - LANGUAGE CODE
Language code of text/sound track or separate title POLIGLOTTA
999 ## - SYSTEM CONTROL NUMBERS (KOHA)
Koha Dewey Subclass [OBSOLETE] NO
100 ## - MAIN ENTRY--PERSONAL NAME
Personal name VANHOYE ALBERT, SJ.
210 ## - ABBREVIATED TITLE
Abbreviated title RIVISTA TEOLOGICA DI LUGANO
222 ## - KEY TITLE
Key title RIVISTA TEOLOGICA DI LUGANO
245 #0 - TITLE STATEMENT
Title RIVISTA TEOLOGICA DI LUGANO. THEOLOGICAL REVIEW. REVUE THEOLOGIQUE DE LUGANO. NOVEMBRE 1996.
250 ## - EDITION STATEMENT
Edition statement 1a ed.
260 ## - PUBLICATION, DISTRIBUTION, ETC. (IMPRINT)
Place of publication, distribution, etc. LUGANO
Name of publisher, distributor, etc. FACOLTÀ DI TEOLOGIA
Date of publication, distribution, etc. 1996 [1° Ed.:1996 - Ed.Ling.Originale: 1996]
300 ## - PHYSICAL DESCRIPTION
Extent 315 p.
310 ## - CURRENT PUBLICATION FREQUENCY
Current publication frequency SEMESTRALE
362 ## - DATES OF PUBLICATION AND/OR SEQUENTIAL DESIGNATION
Dates of publication and/or sequential designation Fascicolo: 2 / Anno: 1 (1996)
500 ## - GENERAL NOTE
General note EDITORIALE. DISCUSSIONE SULLA NUOVA ALLEANZA. PINCKAERSS. GLI ANGELI GARANTI DELL'ESPERIENZA SPIRITUALE SECONDO S. TOMMASO D'AQUINO. MAY W. E. SPLENDOR VERITA'TIS E LEGGE NATURALE, DAI PRINCIPI PRIMA DELLA MORALE ASSOLUTA. RAZIONALITÀ E INTERIORITÀ, LUOGHI DELLA PERSONA. DEMULIN P. IL LIBRO DELLA SAPIENZA CERNIERA DEI DUE TESTAMENTI. HAUKE M. IL SACERDOZIO FEMMINILE. LUBICH C. UNA SPIRITUALITÀ COMUNITARIA. JERUMANIS A. M. VITA DELLA CHIESA IN LETTONIA. DE LAROSIERE J. IL PASSAGGIO DEI PAESI DELL'EST VERSO L'ECONOMIA DEL MARCO, UNA SFIDA PER LA BERD.
501 ## - WITH NOTE
With note Società San Paolo EM - Piazza San Paolo, 14 - 12051 ALBA (CN) (non commercial uses only) ® Copyright 2017
520 ## - SUMMARY, ETC.
Summary, etc. EDITORIALE. DISCUSSIONE SULLA NUOVA ALLEANZA. PINCKAERSS. GLI ANGELI GARANTI DELL'ESPERIENZA SPIRITUALE SECONDO S. TOMMASO D'AQUINO. MAY W. E. SPLENDOR VERITA'TIS E LEGGE NATURALE, DAI PRINCIPI PRIMA DELLA MORALE ASSOLUTA. RAZIONALITÀ E INTERIORITÀ, LUOGHI DELLA PERSONA. DEMULIN P. IL LIBRO DELLA SAPIENZA CERNIERA DEI DUE TESTAMENTI. HAUKE M. IL SACERDOZIO FEMMINILE. LUBICH C. UNA SPIRITUALITÀ COMUNITARIA. JERUMANIS A. M. VITA DELLA CHIESA IN LETTONIA. DE LAROSIERE J. IL PASSAGGIO DEI PAESI DELL'EST VERSO L'ECONOMIA DEL MARCO, UNA SFIDA PER LA BERD.
650 ## - SUBJECT ADDED ENTRY--TOPICAL TERM
Topical term or geographic name as entry element PERIODICI
942 ## - ADDED ENTRY ELEMENTS (KOHA)
Koha item type RIVISTA
957 ## -
-- 1
999 ## - SYSTEM CONTROL NUMBERS (KOHA)
-- 1
Dati di copia
Withdrawn status Lost status Damaged status Not for loan Home library Current library Date acquired Total Checkouts Full call number Date last seen Price effective from Koha item type Public note
    Buone Condizioni Not For Loan ALBA - Biblioteca ALBA - Biblioteca 16/01/2017   R050-S3309 16/01/2017 16/01/2017 RIVISTA (data import: 16 gennaio 2017) - By Epidotti, Vaglietti.
CREDITS: SOCIETA' SAN PAOLO Via A.Severo, 58 - ROMA (RM) & PERIODICI SAN PAOLO SRL Via Giotto, 36 MILANO & CISF Via Giotto, 36 MILANO & EDIZIONI SAN PAOLO SRL,  Piazza Soncino, 5 CINISELLO BALSAMO (MI) -- ITALY